Library Banner

Language controversy in Indo-Pak sub-continent / (Record no. 121430)

MARC details
000 -LEADER
fixed length control field 00494nam a2200169 4500
005 - DATE AND TIME OF LATEST TRANSACTION
control field 20210220101638.0
008 - FIXED-LENGTH DATA ELEMENTS--GENERAL INFORMATION
fixed length control field 210220b ||||| |||| 00| 0 eng d
040 ## - CATALOGING SOURCE
Transcribing agency PK-LaUMT
082 ## - DEWEY DECIMAL CLASSIFICATION NUMBER
Classification number KHC 306.4495491
Item number ABD-L
100 ## - MAIN ENTRY--PERSONAL NAME
Personal name Abdullah, S. M.
245 ## - TITLE STATEMENT
Title Language controversy in Indo-Pak sub-continent /
Statement of responsibility, etc by S. M. Abdullah
260 ## - PUBLICATION, DISTRIBUTION, ETC. (IMPRINT)
Place of publication, distribution, etc Lahore :
Name of publisher, distributor, etc West Pakistan Urdu Academy,
Date of publication, distribution, etc 1997
300 ## - PHYSICAL DESCRIPTION
Extent 76 p.
650 ## - SUBJECT ADDED ENTRY--TOPICAL TERM
Topical term or geographic name as entry element Language policy
650 ## - SUBJECT ADDED ENTRY--TOPICAL TERM
Topical term or geographic name as entry element Punjabi and Urdu language
942 ## - ADDED ENTRY ELEMENTS (KOHA)
Koha item type Books
Holdings
Withdrawn status Lost status Damaged status Home library Current library Date acquired Full call number Barcode Date last seen Price effective from Koha item type
      UMT Main Campus UMT Main Campus 2021-02-20 KHC 306.4495491 ABD-L 136580 2021-02-20 2021-02-20 Books